<?xml version="1.0" encoding="UTF-8"?>
<record
    xmlns:xsi="http://www.w3.org/2001/XMLSchema-instance"
    xsi:schemaLocation="http://www.loc.gov/MARC21/slim http://www.loc.gov/standards/marcxml/schema/MARC21slim.xsd"
    xmlns="http://www.loc.gov/MARC21/slim">

  <leader>01621nam a2200253Ia 4500</leader>
  <datafield tag="999" ind1=" " ind2=" ">
    <subfield code="c">47222</subfield>
    <subfield code="d">47222</subfield>
  </datafield>
  <controlfield tag="001">14082</controlfield>
  <controlfield tag="003">GE_BSU</controlfield>
  <controlfield tag="005">20241018171828.0</controlfield>
  <controlfield tag="008">181216s    ||||ge |||||||||||||| ||geo||</controlfield>
  <datafield tag="020" ind1=" " ind2=" ">
    <subfield code="a">9789941060243</subfield>
  </datafield>
  <datafield tag="040" ind1=" " ind2=" ">
    <subfield code="c">GE_BSU</subfield>
  </datafield>
  <datafield tag="080" ind1=" " ind2=" ">
    <subfield code="a">616.831-005-073.756.8</subfield>
  </datafield>
  <datafield tag="100" ind1=" " ind2=" ">
    <subfield code="a">&#x10D7;&#x10DD;&#x10D3;&#x10E3;&#x10D0;, &#x10E4;&#x10E0;&#x10D8;&#x10D3;&#x10DD;&#x10DC;  </subfield>
    <subfield code="9">23455</subfield>
  </datafield>
  <datafield tag="245" ind1=" " ind2=" ">
    <subfield code="a">&#x10D4;&#x10E5;&#x10E1;&#x10E2;&#x10E0;&#x10D0;&#x10D9;&#x10E0;&#x10D0;&#x10DC;&#x10D8;&#x10E3;&#x10DA;&#x10D8; &#x10E1;&#x10D8;&#x10E1;&#x10EE;&#x10DA;&#x10EB;&#x10D0;&#x10E0;&#x10E6;&#x10D5;&#x10D4;&#x10D1;&#x10D8;&#x10E1; &#x10DE;&#x10D0;&#x10D7;&#x10DD;&#x10DA;&#x10DD;&#x10D2;&#x10D8;&#x10D0;&#x10D7;&#x10D0; &#x10D0;&#x10E0;&#x10D0;&#x10D8;&#x10DC;&#x10D5;&#x10D0;&#x10D6;&#x10D8;&#x10E3;&#x10E0;&#x10D8; &#x10E1;&#x10EE;&#x10D8;&#x10D5;&#x10E3;&#x10E0;&#x10D8; &#x10D3;&#x10D8;&#x10D0;&#x10D2;&#x10DC;&#x10DD;&#x10E1;&#x10E2;&#x10D8;&#x10D9;&#x10D0; :</subfield>
    <subfield code="b">[&#x10DB;&#x10DD;&#x10DC;&#x10DD;&#x10D2;&#x10E0;&#x10D0;&#x10E4;&#x10D8;&#x10D0;] /</subfield>
    <subfield code="c"> &#x10E4;&#x10E0;&#x10D8;&#x10D3;&#x10DD;&#x10DC; &#x10D7;&#x10DD;&#x10D3;&#x10E3;&#x10D0;, &#x10D3;&#x10E3;&#x10D3;&#x10D0;&#x10DC;&#x10D0; &#x10D2;&#x10D0;&#x10E9;&#x10D4;&#x10E9;&#x10D8;&#x10DA;&#x10D0;&#x10EB;&#x10D4; ; &#x10E0;&#x10D4;&#x10D3;. &#x10D0;&#x10DA;. &#x10EA;&#x10D8;&#x10E1;&#x10D9;&#x10D0;&#x10E0;&#x10D8;&#x10EB;&#x10D4;.</subfield>
  </datafield>
  <datafield tag="264" ind1=" " ind2=" ">
    <subfield code="a">&#x10D7;&#x10D1;&#x10D8;&#x10DA;&#x10D8;&#x10E1;&#x10D8; :</subfield>
    <subfield code="b">&#x10E8;&#x10DE;&#x10E1; &#x10E4;&#x10D0;&#x10D5;&#x10DD;&#x10E0;&#x10D8;&#x10E2;&#x10D8; &#x10E1;&#x10E2;&#x10D8;&#x10DA;&#x10E8;&#x10D8;,</subfield>
    <subfield code="c">2014.</subfield>
  </datafield>
  <datafield tag="300" ind1=" " ind2=" ">
    <subfield code="a">186 &#x10D2;&#x10D5;. :</subfield>
    <subfield code="b">&#x10D8;&#x10DA;. ;</subfield>
    <subfield code="c">28 &#x10E1;&#x10DB;.</subfield>
  </datafield>
  <datafield tag="504" ind1=" " ind2=" ">
    <subfield code="a">&#x10D1;&#x10D8;&#x10D1;&#x10DA;&#x10D8;&#x10DD;&#x10D2;&#x10E0;. : &#x10D2;&#x10D5;. 166-185</subfield>
  </datafield>
  <datafield tag="541" ind1=" " ind2=" ">
    <subfield code="h">49&#x10DA;.90&#x10D7;.</subfield>
  </datafield>
  <datafield tag="653" ind1=" " ind2=" ">
    <subfield code="a">&#x10D4;&#x10E5;&#x10E1;&#x10E2;&#x10E0;&#x10D0;&#x10D9;&#x10E0;&#x10D0;&#x10DC;&#x10D8;&#x10E3;&#x10DA;&#x10D8; &#x10E1;&#x10D8;&#x10E1;&#x10EE;&#x10DA;&#x10EB;&#x10D0;&#x10E0;&#x10E6;&#x10D5;&#x10D4;&#x10D1;&#x10D8;&#x10E1; &#x10DE;&#x10D0;&#x10D7;&#x10DD;&#x10DA;&#x10DD;&#x10D2;&#x10D8;&#x10D0;&#x10D7;&#x10D0; &#x10D0;&#x10E0;&#x10D0;&#x10D8;&#x10DC;&#x10D5;&#x10D0;&#x10D6;&#x10D8;&#x10E3;&#x10E0;&#x10D8; &#x10E1;&#x10EE;&#x10D8;&#x10D5;&#x10E3;&#x10E0;&#x10D8; &#x10D3;&#x10D8;&#x10D0;&#x10D2;&#x10DC;&#x10DD;&#x10E1;&#x10E2;&#x10D8;&#x10D9;&#x10D0;.</subfield>
  </datafield>
  <datafield tag="653" ind1=" " ind2=" ">
    <subfield code="a">&#x10D7;&#x10D0;&#x10D5;&#x10D8;&#x10E1; &#x10E2;&#x10D5;&#x10D8;&#x10DC;&#x10D8;&#x10E1; &#x10E1;&#x10D8;&#x10E1;&#x10EE;&#x10DA;&#x10D8;&#x10E1; &#x10DB;&#x10D8;&#x10DB;&#x10DD;&#x10E5;&#x10EA;&#x10D4;&#x10D5;&#x10D8;&#x10E1; &#x10DE;&#x10D0;&#x10D7;&#x10DD;&#x10DA;&#x10DD;&#x10D2;&#x10D8;&#x10D8;&#x10E1; &#x10E2;&#x10DD;&#x10DB;&#x10DD;&#x10D2;&#x10E0;&#x10D0;&#x10E4;&#x10D8;&#x10E3;&#x10DA;&#x10D8; &#x10D3;&#x10D8;&#x10D0;&#x10D2;&#x10DC;&#x10DD;&#x10E1;&#x10E2;&#x10D8;&#x10D9;&#x10D0;</subfield>
  </datafield>
  <datafield tag="700" ind1=" " ind2=" ">
    <subfield code="a">&#x10D2;&#x10D0;&#x10E9;&#x10D4;&#x10E9;&#x10D8;&#x10DA;&#x10D0;&#x10EB;&#x10D4;, &#x10D3;&#x10E3;&#x10D3;&#x10D0;&#x10DC;&#x10D0; </subfield>
    <subfield code="e">&#x10D0;&#x10D5;&#x10E2;&#x10DD;&#x10E0;&#x10D8;</subfield>
    <subfield code="9">23456</subfield>
  </datafield>
  <datafield tag="700" ind1=" " ind2=" ">
    <subfield code="a">&#x10EA;&#x10D8;&#x10E1;&#x10D9;&#x10D0;&#x10E0;&#x10D8;&#x10EB;&#x10D4;, &#x10D0;&#x10DA;. </subfield>
    <subfield code="e">&#x10E0;&#x10D4;&#x10D3;&#x10D0;&#x10E5;&#x10E2;&#x10DD;&#x10E0;&#x10D8;</subfield>
    <subfield code="9">23457</subfield>
  </datafield>
  <datafield tag="942" ind1=" " ind2=" ">
    <subfield code="c">BK</subfield>
    <subfield code="2">udc</subfield>
  </datafield>
  <datafield tag="952" ind1=" " ind2=" ">
    <subfield code="0">0</subfield>
    <subfield code="1">0</subfield>
    <subfield code="2">udc</subfield>
    <subfield code="4">0</subfield>
    <subfield code="6">6168310050737568</subfield>
    <subfield code="7">0</subfield>
    <subfield code="9">61817</subfield>
    <subfield code="a">CPL</subfield>
    <subfield code="b">CPL</subfield>
    <subfield code="c">GEN</subfield>
    <subfield code="d">2018-12-17</subfield>
    <subfield code="g">49.00</subfield>
    <subfield code="o">616.831-005-073.756.8</subfield>
    <subfield code="p">27303</subfield>
    <subfield code="r">2018-12-17</subfield>
    <subfield code="t">27303</subfield>
    <subfield code="w">2018-12-17</subfield>
    <subfield code="y">BK</subfield>
    <subfield code="z">49.00 &#x20BE;.</subfield>
  </datafield>
</record>
